Modern applied statistics with S-Plus /
Guardado en:
| Autor Principal: | |
|---|---|
| Otros Autores: | |
| Formato: | Libro |
| Idioma: | English |
| Publicado: |
New York :
Springer,
c1997.
|
| Edición: | 2nd ed. |
| Materias: | |
| Acceso en línea: | Sitio web del libro |
| Etiquetas: |
Agregar Etiqueta
Sin Etiquetas, Sea el primero en etiquetar este registro!
|
| LEADER | 01427pam a2200301 a 4500 | ||
|---|---|---|---|
| 001 | MAT.inmabb003631 | ||
| 008 | 970204s1997####nyua#####b####001#0#eng## | ||
| 005 | 20130315181345.0 | ||
| 245 | 1 | 0 | |a Modern applied statistics with S-Plus / |c W. N. Venables, B. D. Ripley. |
| 250 | |a 2nd ed. | ||
| 260 | |a New York : |b Springer, |c c1997. | ||
| 300 | |a xv, 548 p. : |b il. (algunas col.) ; |c 25 cm. | ||
| 504 | |a Incluye referencias bibliográficas (p. 521-532) e índice. | ||
| 505 | 0 | |a 1. Introduction -- 2. The S language -- 3. Graphical output -- 4. Programming in S -- 5. Distributions and data summaries -- 6. Linear statistical models -- 7. Generalized linear models -- 8. Robust statistics -- 9. Non-linear models -- 10. Random and mixed effects -- 11. Modern regression -- 12. Survival analysis -- 13. Multivariate analysis -- 14. Tree-based methods -- 15. Time series -- 16. Spatial statistics -- 17. Classification. | |
| 510 | 4 | |a MR, |c 97c:62003 | |
| 020 | |a 0387982140 | ||
| 100 | 1 | |a Venables, W. N. |q (William N.) | |
| 700 | 1 | |a Ripley, Brian D., |d 1952- | |
| 630 | 0 | 0 | |a S-Plus. |
| 650 | 0 | |a Statistics |x Data processing. | |
| 650 | 0 | |a Mathematical statistics |x Data processing. | |
| 084 | |a 62-01 |2 MR | ||
| 084 | |a 62-04 |2 msc2000 | ||
| 084 | |a 65C60 |2 msc2000 | ||
| 010 | |a 97008922 | ||
| 040 | |a DLC |c DLC |d DLC | ||
| 856 | 4 | |u http://www.stats.ox.ac.uk/pub/MASS2/ |y Sitio web del libro | |
| 859 | |h 62 |i V447 |p A-7391 |b BIB. MATEMATICA | ||
